00709nam a2200145 a 450000500170000000800410001705000180005810000230007624500530009926000540015252001940020665000250040099900190042595201190044420140414132116.0111026s19uu xx 00 eng d aFICbB71 2006 aBoyne, John, 1971- aThe boy in the striped pajamas /cby John Boyne. aOxford ; New York :bDavid Fickling Books,c2006. aBored and lonely after his family moves from Berlin to a place called "Out-With" in 1942, Bruno, the son of a Nazi officer, befriends a boy in striped pajamas who lives behind a wire fence. aFriendshipxFiction. c114926d114926 00104050aMUbMUcFICd2011-10-26eBkRewardg285.00l0oFIC B71 2006pM6862r2014-04-14 00:00:00w2014-04-14yBK